000 00569cam a22002053a 4500
001 41951
003 PGUSA
005 20140828083939.0
008 130608s2013||||xxu|||||s|||||000 | eng d
040 _aPGUSA
_beng
042 _adc
100 1 _aSerjeant, Constancia
245 1 2 _aA Tale of Red Pekin
_h[electronic resource] /
_cConstancia Serjeant
260 _bProject Gutenberg,
_c2013
506 _aPublic domain in the USA.
516 _aElectronic text
830 0 _aProject Gutenberg
_v41951
856 4 0 _uhttp://www.gutenberg.org/ebooks/41951
942 _cEB
999 _c271203
_d271203